000 00370nam a2200145Ia 4500
008 230312s9999||||xx |||||||||||||| ||und||
082 _a741.6
_bMEG-H
100 _aMeggs;Philip.B
245 0 _aHistory of Graphic Design
260 _bVa Nostrand Reinhold
_aUSA
_c1992
300 _a509
546 _aEng.
650 _aArchitecture
_vHistory of Graphic Design
942 _cBK
999 _c227
_d227